000 01018nam a2200301 i 4500
001 000025121
003 DO-SdBNP
005 20251008082333.0
007 ta
008 110210s19uu dr r 000 p spa d
040 _aDO-SdBNP
_bspa
_cBNPHU
_erda
041 _aspa
082 4 _aRD861.44
_bJ61an
_222
100 1 _aJiménez, Felix
_d1949-
_eautor
_4aut.
_933757
245 1 0 _aAnhelos, amores y desvelo /
_cFélix Jiménez ; ilustraciones, Elsa Núñez
264 1 _aSanto Domingo :
_bEditora Amigo del hogar,
_c[199-?].
300 _a65 páginas ;
_c23 cm.
336 _atexto
_btxt
_2rdacontent
337 _asin mediación
_bn
_2rdamedia
338 _avolumen
_bnc
_2rdacarrier
500 _aIncluye datos biográficos del autor en la solapa de la cubierta.
590 _aInventariado, 2025/ YL
650 4 _aPoesía dominicana
_966
650 4 _aLiteratura dominicana.
_967
700 1 _aNúñez, Elsa
_eilustradora
_4il.
_988660
910 _aYlockward. Validado. Control de calidad /MAA
942 _2ddc
_cLBS1
999 _c24614
_d24614